| Tag |
First Indicator |
Second Indicator |
Subfields |
| LEADER |
00000cam a2200000 a 4500 |
| 001 |
in00000095911 |
| 005 |
20150923173754.0 |
| 008 |
811016s1982 nyuac b 00100 eng |
| 010 |
|
|
|a 81017632
|
| 020 |
|
|
|a 0122447506
|
| 035 |
|
|
|a (OCoLC)07925202
|
| 035 |
|
|
|9 AAK8296AM
|
| 039 |
0 |
|
|a 2
|b 3
|c 3
|d 3
|e 3
|
| 040 |
|
|
|a DLC
|c DLC
|d TXA
|d UtOrBLW
|
| 049 |
|
|
|a TXAM
|c [1561938]
|
| 050 |
0 |
0 |
|a QP601
|b .P95 1982
|
| 060 |
|
0 |
|a QU 163 V217
|
| 082 |
0 |
|
|a 574.19/25
|2 19
|
| 245 |
0 |
4 |
|a The Pyridine nucleotide coenzymes /
|c edited by Johannes Everse, Bruce Anderson, Kwan-sa You.
|
| 264 |
|
1 |
|a New York :
|b Academic Press,
|c 1982.
|
| 300 |
|
|
|a xxxv, 389 pages :
|b illustrations, portrait ;
|c 24 cm.
|
| 336 |
|
|
|a text
|b txt
|2 rdacontent
|
| 337 |
|
|
|a unmediated
|b n
|2 rdamedia
|
| 338 |
|
|
|a volume
|b nc
|2 rdacarrier
|
| 504 |
|
|
|a Includes bibliographies and index.
|
| 650 |
|
0 |
|a Coenzymes.
|
| 650 |
|
0 |
|a Pyridine.
|
| 650 |
|
0 |
|a Nucleotides.
|
| 650 |
|
2 |
|a NAD.
|
| 650 |
|
2 |
|a NADP.
|
| 700 |
1 |
|
|a Everse, Johannes.
|
| 700 |
1 |
|
|a Anderson, Bruce,
|d 1929-
|
| 700 |
1 |
|
|a You, Kwan-sa.
|
| 999 |
|
|
|a MARS
|
| 999 |
f |
f |
|s 70287b68-1dfb-390c-a54e-d99b3436e879
|i d37c93df-a8f3-3f80-999f-37d11cbca3ba
|t 0
|
| 952 |
f |
f |
|p ric
|a Texas A&M University
|b Rellis Campus
|c Joint Library Facility
|d Remote Storage
|t 0
|e QP601 .P95 1982
|h Library of Congress classification
|i unmediated -- volume
|m A14806280663
|
| 998 |
f |
f |
|a QP601 .P95 1982
|t 0
|l Remote Storage
|